Star Wars: All Tales Of The Jedi Characters By Screen Time - Statistics

General Stats
  • This quiz has been taken 17 times
  • The average score is 11 of 24
Answer Stats
Screen Time Answer % Correct
7:59 Qui-Gon Jinn
100%
4:38 Anakin Skywalker
91%
17:29 Dooku
91%
:50 Obi-Wan Kenobi
91%
21:15 Ahsoka Tano
82%
6:59 Mace Windu
82%
:57 Yoda
82%
2:26 Rex
64%
3:09 Sheev Palpatine/Darth Sidious
55%
:42 Jesse
45%
:20 Ki-Adi-Mundi
45%
:29 Plo Koon
45%
5:51 Yaddle
45%
:48 Jocasta Nu
36%
2:13 Bail Organa
27%
:34 Caleb Dume
18%
:41 Depa Bilaba
18%
8:42 Pav-Ti
18%
:09 Eeth Koth
9%
:12 Mon Mothma
9%
:13 Padme Amidala
9%
:29 Saesee Tinn
9%
:59 Tera Sinube
9%
:57 Fifth Brother
0%
No matching quizzes found
Score Distribution
Percent of People with Each Score
Percentile by Number Answered
Your Score History
You have not taken this quiz